[Event "Unna Open 2022"]
[Site "Unna"]
[Date "2022.12.27"]
[Round "1.1"]
[White "Hintze, Helge"]
[Black "Nadan, Nikolas"]
[Result "1-0"]
[WhiteElo "2224"]
[BlackElo "1457"]
[Annotator "Medger,Gernot"]
[PlyCount "93"]
[EventDate "2022.12.??"]
[EventType "tourn"]
[EventRounds "7"]
[EventCountry "GER"]

1. c4 Nf6 2. Nf3 e6 3. g3 d5 4. Bg2 Bd6 5. O-O O-O 6. d4 dxc4 7. Nfd2 c6 8.
Nxc4 Bc7 9. e4 b5 10. Ne3 Bb6 11. e5 Nd5 12. Nc3 Nd7 13. Ne4 f5 14. exf6 N7xf6
15. Nc3 Qe7 16. Qe2 Bxd4 17. Nexd5 Nxd5 18. Nxd5 cxd5 19. Bxd5 Rb8 20. Bf4 Rb6
21. Rad1 Qf6 22. Bg2 Bxb2 23. Bd6 Rf7 24. Bc5 Rb8 25. Qxb2 Ba6 26. Qxf6 Rxf6
27. Bxa7 Rc8 28. Rd6 e5 29. Bd5+ Kf8 30. Rxf6+ gxf6 31. Be3 Ke7 32. Rc1 Kd6 33.
Bb3 e4 34. Bf4+ Ke7 35. Rxc8 Bxc8 36. Kf1 Bg4 37. Ke1 Kd7 38. Kd2 Kc6 39. Kc3
Be2 40. Kb4 h5 41. h4 f5 42. Be6 Bg4 43. Bf7 Be2 44. Be8+ Kb6 45. Be3+ Ka6 46.
Bd7 Bc4 47. Bc8# 1-0

[Event "Unna Open 2022"]
[Site "Unna"]
[Date "2022.12.27"]
[Round "1.2"]
[White "Willems, Marcus"]
[Black "Schmücker, Marcus"]
[Result "0-1"]
[WhiteElo "1414"]
[BlackElo "2237"]
[Annotator "Medger,Gernot"]
[PlyCount "70"]
[EventDate "2022.12.??"]
[EventType "tourn"]
[EventRounds "7"]
[EventCountry "GER"]

1. e4 d5 2. exd5 Qxd5 3. Nc3 Qd6 4. d4 Nf6 5. Nf3 c6 6. Bd3 Bg4 7. Ne4 Nxe4 8.
Bxe4 Nd7 9. c3 e6 10. h3 Bh5 11. O-O Qc7 12. Re1 Nf6 13. Bd3 Bd6 14. Be2 O-O-O
15. Qa4 Kb8 16. b4 h6 17. b5 cxb5 18. Qxb5 g5 19. Rb1 g4 20. Ne5 Bxe5 21. dxe5
Nd5 22. Bd2 Bg6 23. Rb2 gxh3 24. g3 Be4 25. c4 Ne7 26. Ba5 b6 27. c5 Bc6 28.
cxb6 Qd7 29. bxa7+ Ka8 30. Qa6 Qd5 31. Rb8+ Rxb8 32. axb8=Q+ Kxb8 33. Rb1+ Bb7
34. Qd6+ Ka8 35. Rxb7 Qg2# 0-1

[Event "Unna Open 2022"]
[Site "Unna"]
[Date "2022.12.27"]
[Round "1.3"]
[White "Tkachuk, Sergij"]
[Black "Zeitz, Max"]
[Result "1-0"]
[WhiteElo "2244"]
[BlackElo "1619"]
[Annotator "Medger,Gernot"]
[PlyCount "97"]
[EventDate "2022.12.??"]
[EventType "tourn"]
[EventRounds "7"]
[EventCountry "GER"]

1. e4 e5 2. Nf3 Nc6 3. Bc4 Bc5 4. d3 d6 5. Nc3 Bg4 6. h3 Bh5 7. g4 Bg6 8. Be3
Bxe3 9. fxe3 Qd7 10. Qe2 Nge7 11. O-O-O Na5 12. Bb3 Nxb3+ 13. axb3 b5 14. Nh4
a5 15. d4 b4 16. Nxg6 hxg6 17. Na4 Nc6 18. Qf3 f6 19. h4 Rf8 20. h5 gxh5 21.
Rxh5 O-O-O 22. d5 Na7 23. c4 Kb8 24. Rdh1 Rf7 25. Qe2 Kb7 26. Kb1 Rdf8 27. Rh8
Qe8 28. R8h7 Qd7 29. Ka2 Rc8 30. Rc1 Re7 31. Rc2 Rf7 32. Rh1 Rff8 33. Qf3 Rg8
34. Rh7 Rcf8 35. c5 Qb5 36. Rc4 Rc8 37. Qf5 Qe8 38. cxd6 cxd6 39. Rxc8 Nxc8 40.
Qxf6 Qe7 41. Qf1 Na7 42. g5 Rf8 43. Qh3 Nb5 44. Qh6 Rg8 45. Nc5+ Ka8 46. Qe6
Qxe6 47. Nxe6 g6 48. Nc7+ Nxc7 49. Rxc7 1-0

[Event "Unna Open 2022"]
[Site "Unna"]
[Date "2022.12.27"]
[Round "1.4"]
[White "Meinberger, Manfred"]
[Black "Tkachuk, Konstantyn"]
[Result "0-1"]
[WhiteElo "1593"]
[BlackElo "2259"]
[Annotator "Medger,Gernot"]
[PlyCount "36"]
[EventDate "2022.12.??"]
[EventType "tourn"]
[EventRounds "7"]
[EventCountry "GER"]

1. d4 Nf6 2. c4 g6 3. e4 Nxe4 4. f3 Nf6 5. Nc3 Bg7 6. Be3 d5 7. Qd2 c6 8. O-O-O
Nbd7 9. cxd5 Nxd5 10. Bh6 O-O 11. h4 f6 12. Bc4 N7b6 13. Bb3 Be6 14. Re1 Bf7
15. Ne4 Qc7 16. Ne2 Rad8 17. N2g3 Bxh6 18. Qxh6 Qf4+ 0-1

[Event "Unna Open 2022"]
[Site "Unna"]
[Date "2022.12.27"]
[Round "1.5"]
[White "Huckebrink, Chris"]
[Black "Foltin, Alica"]
[Result "1-0"]
[WhiteElo "2096"]
[BlackElo "1478"]
[Annotator "Medger,Gernot"]
[PlyCount "41"]
[EventDate "2022.12.??"]
[EventType "tourn"]
[EventRounds "7"]
[EventCountry "GER"]

1. c4 e5 2. Nc3 f5 3. g4 fxg4 4. h3 g3 5. fxg3 Nc6 6. Nf3 Nf6 7. d3 Bb4 8. e4
Nh5 9. Bg5 Nf6 10. Bg2 O-O 11. O-O Bc5+ 12. Kh2 h6 13. Bxf6 Qxf6 14. Nh4 Qd8
15. Qh5 d6 16. Rxf8+ Qxf8 17. Rf1 Qd8 18. Qf7+ Kh8 19. Ng6+ Kh7 20. Nf8+ Kh8
21. Qg6 1-0

[Event "Unna Open 2022"]
[Site "Unna"]
[Date "2022.12.27"]
[Round "1.6"]
[White "Hammerschmidt, Martin"]
[Black "Korten, Lando"]
[Result "1/2-1/2"]
[WhiteElo "1761"]
[BlackElo "2124"]
[Annotator "Medger,Gernot"]
[PlyCount "107"]
[EventDate "2022.12.??"]
[EventType "tourn"]
[EventRounds "7"]
[EventCountry "GER"]

1. e4 Nf6 2. Nc3 d5 3. e5 d4 4. exf6 dxc3 5. fxg7 cxd2+ 6. Qxd2 Qxd2+ 7. Bxd2
Bxg7 8. O-O-O Be6 9. Ne2 Nc6 10. Bc3 Bh6+ 11. Kb1 O-O 12. Nc1 Rfd8 13. Be2 Bd5
14. Rhg1 e5 15. Nb3 Rd6 16. g4 Rad8 17. Nc5 Nd4 18. Bxd4 exd4 19. g5 Bg7 20. f4
b6 21. Nd3 c5 22. f5 Re8 23. Bh5 Be4 24. f6 Bf8 25. Nf2 Bf5 26. Ng4 Rde6 27.
Rdf1 Bg6 28. Nh6+ Bxh6 29. gxh6 Re5 30. Bxg6 hxg6 31. Rxg6+ fxg6 32. f7+ Kh7
33. fxe8=Q Rxe8 34. Kc1 Re7 35. Kd2 Kxh6 36. Rf3 Kg5 37. a4 Kg4 38. Rg3+ Kf5
39. Kd3 g5 40. h3 Re4 41. Rxg5+ Kxg5 42. Kxe4 Kh4 43. c3 dxc3 44. bxc3 Kxh3 45.
Kd5 Kg4 46. Kc6 Kf4 47. Kb7 Ke4 48. Kxa7 Kd3 49. Kxb6 c4 50. a5 Kxc3 51. a6 Kb2
52. a7 c3 53. a8=Q c2 54. Qg2 1/2-1/2

[Event "Unna Open 2022"]
[Site "Unna"]
[Date "2022.12.27"]
[Round "1.7"]
[White "Torres-Kuckel, Rafael"]
[Black "Paul, André David"]
[Result "1-0"]
[WhiteElo "2096"]
[BlackElo "1671"]
[Annotator "Medger,Gernot"]
[PlyCount "87"]
[EventDate "2022.12.??"]
[EventType "tourn"]
[EventRounds "7"]
[EventCountry "GER"]

1. e4 e6 2. d4 d5 3. Nc3 c6 4. Nf3 Bb4 5. Bd3 dxe4 6. Bxe4 Nf6 7. Bd3 Nbd7 8.
a3 Be7 9. Qe2 a6 10. Ne5 c5 11. dxc5 Nxc5 12. Bc4 O-O 13. O-O Ncd7 14. Rd1 Qe8
15. a4 Nxe5 16. Qxe5 Qc6 17. Be2 Qc5 18. Qg3 Rd8 19. Be3 Qa5 20. Bf3 Nd5 21.
Bd4 f6 22. Nxd5 exd5 23. c3 Bd6 24. Qh4 Be6 25. Bg4 Bxg4 26. Qxg4 Kf7 27. Re1
Qc7 28. Qh5+ Kg8 29. Qxd5+ Kf8 30. Qh5 Kg8 31. Re4 Qf7 32. Qf3 Re8 33. Rae1
Rxe4 34. Qxe4 Rd8 35. g3 Rd7 36. Qf5 Rd8 37. Re6 Be7 38. Qe4 Rd7 39. Kg2 Kf8
40. Rb6 Bd8 41. Bc5+ Kg8 42. Re6 g6 43. Re8+ Kg7 44. Bf8+ 1-0

[Event "Unna Open 2022"]
[Site "Unna"]
[Date "2022.12.27"]
[Round "1.8"]
[White "Neumann, Helena"]
[Black "Junk, Phillip"]
[Result "0-1"]
[WhiteElo "1575"]
[BlackElo "2086"]
[Annotator "Medger,Gernot"]
[PlyCount "98"]
[EventDate "2022.12.??"]
[EventType "tourn"]
[EventRounds "7"]
[EventCountry "GER"]

1. e4 c6 2. d4 d5 3. exd5 cxd5 4. Bd3 Nf6 5. Nf3 Nc6 6. c3 Bg4 7. h3 Bh5 8. O-O
e6 9. Bf4 Bd6 10. Bxd6 Qxd6 11. Nbd2 O-O 12. Qc2 Rfc8 13. Rfe1 Nb4 14. Qb1 Nxd3
15. Qxd3 Qb6 16. Nb3 Ne4 17. Ne5 a5 18. f3 Nd6 19. Nc5 Qc7 20. b3 b6 21. Na4
Rab8 22. Qe3 Qe7 23. g4 Bg6 24. Qf2 f6 25. Nxg6 hxg6 26. Re3 Rc6 27. Rae1 Nf7
28. Qe2 Re8 29. c4 Qd6 30. Kg2 dxc4 31. bxc4 Qxd4 32. Re4 Qd6 33. Rd1 Qc7 34.
Nc3 e5 35. Nd5 Qb8 36. Qc2 Nd6 37. Re2 Kf7 38. Ne3 Qc8 39. Red2 Qe6 40. Rc1
Rec8 41. Qa4 g5 42. Rdc2 e4 43. c5 exf3+ 44. Kxf3 bxc5 45. Qxa5 Qe4+ 46. Kf2
Qf4+ 47. Ke2 Re8 48. Qa7+ Kf8 49. Rc3 Nb5 0-1

[Event "Unna Open 2022"]
[Site "Unna"]
[Date "2022.12.27"]
[Round "1.9"]
[White "Höllmann, Ludger"]
[Black "Böse, Marc"]
[Result "1-0"]
[WhiteElo "2062"]
[BlackElo "1568"]
[Annotator "Medger,Gernot"]
[PlyCount "87"]
[EventDate "2022.12.??"]
[EventType "tourn"]
[EventRounds "7"]
[EventCountry "GER"]

1. d4 Nf6 2. Nf3 g6 3. g3 d5 4. Bg2 Bg7 5. O-O O-O 6. c4 c6 7. b3 Nbd7 8. cxd5
cxd5 9. Nc3 a6 10. Bf4 b5 11. Ne5 Bb7 12. Rc1 Rc8 13. Qd3 Nb6 14. Nb1 Nh5 15.
Rxc8 Qxc8 16. Bd2 Qe6 17. Ba5 Nd7 18. Nxd7 Qxd7 19. Rc1 Rc8 20. Rxc8+ Qxc8 21.
Nc3 Nf6 22. e3 e6 23. a4 bxa4 24. Nxa4 Bc6 25. Qc2 Qb7 26. Nc5 Qa8 27. Qc3 Bb5
28. Bf1 Qc6 29. Qb4 Bf8 30. Bxb5 axb5 31. Qa3 Ne4 32. Bb4 Nxc5 33. Bxc5 Bxc5
34. dxc5 e5 35. b4 d4 36. exd4 exd4 37. Qd3 Qd5 38. f3 Kf8 39. Kf2 Qc4 40. Qd2
h5 41. g4 hxg4 42. fxg4 Qd5 43. Qf4 d3 44. Qd6+ 1-0

[Event "Unna Open 2022"]
[Site "Unna"]
[Date "2022.12.27"]
[Round "1.10"]
[White "Muhr, Mattis"]
[Black "Gutte, Friedhelm"]
[Result "0-1"]
[WhiteElo "1551"]
[BlackElo "2036"]
[Annotator "Medger,Gernot"]
[PlyCount "96"]
[EventDate "2022.12.??"]
[EventType "tourn"]
[EventRounds "7"]
[EventCountry "GER"]

1. d4 g6 2. c4 Bg7 3. e4 d6 4. Nc3 Nf6 5. f4 O-O 6. Nf3 Na6 7. Be2 c5 8. d5 Nc7
9. O-O a6 10. a4 Rb8 11. h3 Bd7 12. a5 b5 13. axb6 Rxb6 14. g4 Nfe8 15. Qc2 e6
16. Be3 exd5 17. cxd5 Nb5 18. e5 Qe7 19. b4 Nxc3 20. Qxc3 Rxb4 21. Rxa6 Nc7 22.
Rxd6 Qxd6 23. Qxb4 cxb4 24. exd6 Nxd5 25. Bd2 Rc8 26. Ne5 Be6 27. Rb1 Rc2 28.
Bxb4 Nxb4 29. Rxb4 Bxe5 30. fxe5 Rxe2 31. Rb5 h5 32. g5 Bxh3 33. Rd5 Rg2+ 34.
Kh1 Rxg5 35. d7 Bxd7 36. Rxd7 Rxe5 37. Kg2 Kg7 38. Kg3 g5 39. Rd3 Kg6 40. Kh3
h4 41. Ra3 Kh5 42. Ra2 f5 43. Kg2 g4 44. Ra8 Re2+ 45. Kg1 h3 46. Ra3 f4 47. Kh1
g3 48. Kg1 Re1# 0-1

[Event "Unna Open 2022"]
[Site "Unna"]
[Date "2022.12.27"]
[Round "1.11"]
[White "Winkler, Yonathan"]
[Black "Schirmbeck, Lilian"]
[Result "1-0"]
[WhiteElo "1918"]
[BlackElo "1541"]
[Annotator "Medger,Gernot"]
[PlyCount "111"]
[EventDate "2022.12.??"]
[EventType "tourn"]
[EventRounds "7"]
[EventCountry "GER"]

1. e4 e5 2. Nf3 Nf6 3. Nc3 Nc6 4. Bb5 a6 5. Bxc6 dxc6 6. Nxe5 Nxe4 7. Nxe4 Qd4
8. O-O Qxe5 9. Re1 Be6 10. d4 Qf5 11. c3 O-O-O 12. Qd3 Bd6 13. b4 Qg6 14. Bg5
Rde8 15. a4 Bd5 16. Nxd6+ cxd6 17. Qh3+ Kc7 18. Bf4 Be6 19. Qh4 Bd5 20. Bg3 Re4
21. Rxe4 Qxe4 22. Qxe4 Bxe4 23. Re1 Bd5 24. Re7+ Kc8 25. Bxd6 Rd8 26. Rc7+ Kb8
27. Be5 Ka8 28. Re7 g6 29. f3 Be6 30. Kf2 b5 31. a5 h6 32. Bg7 h5 33. h4 Kb8
34. Be5+ Ka8 35. Ke3 Rf8 36. Kf4 Rd8 37. Kg5 Rd7 38. Rxe6 fxe6 39. Kxg6 Rd8 40.
Kxh5 Rg8 41. g4 Rf8 42. f4 Rg8 43. g5 Kb7 44. g6 Kc8 45. g7 Kd7 46. Kg6 Ke7 47.
h5 Ke8 48. h6 Ke7 49. h7 Rxg7+ 50. Kxg7 c5 51. h8=Q cxb4 52. cxb4 Kd7 53. Qf8
Kc6 54. Qd6+ Kb7 55. Qc7+ Ka8 56. Qb8# 1-0

[Event "Unna Open 2022"]
[Site "Unna"]
[Date "2022.12.27"]
[Round "1.12"]
[White "Jacob, Phil"]
[Black "Tymura, Achim"]
[Result "0-1"]
[WhiteElo "1279"]
[BlackElo "2035"]
[Annotator "Medger,Gernot"]
[PlyCount "48"]
[EventDate "2022.12.??"]
[EventType "tourn"]
[EventRounds "7"]
[EventCountry "GER"]

1. b3 e5 2. Bb2 d6 3. e3 Be7 4. Nc3 Nf6 5. Be2 O-O 6. d3 c6 7. Qd2 Na6 8. Nf3
Nc7 9. O-O-O b5 10. h4 a5 11. Ng5 a4 12. Rdg1 axb3 13. cxb3 Nfd5 14. f4 Nxc3
15. Bxc3 Nd5 16. Kb1 Nxc3+ 17. Qxc3 exf4 18. exf4 Bf6 19. Qxc6 Qa5 20. Qc2 Bf5
21. g4 Rfc8 22. b4 Qxb4+ 23. Qb3 Qxb3+ 24. axb3 Ra1# 0-1

[Event "Unna Open 2022"]
[Site "Unna"]
[Date "2022.12.27"]
[Round "1.13"]
[White "Georg, Felix"]
[Black "Krolik, Wilfried"]
[Result "1-0"]
[WhiteElo "2034"]
[BlackElo "1513"]
[Annotator "Medger,Gernot"]
[PlyCount "55"]
[EventDate "2022.12.??"]
[EventType "tourn"]
[EventRounds "7"]
[EventCountry "GER"]

1. b4 e5 2. Bb2 Bxb4 3. Bxe5 Nf6 4. c3 Be7 5. e3 Nc6 6. Bxf6 Bxf6 7. d4 d5 8.
Bd3 O-O 9. Ne2 g6 10. Nd2 Ne7 11. Ng3 c6 12. h4 Bg7 13. h5 f5 14. Nf3 f4 15.
exf4 Rxf4 16. Qd2 Qf8 17. hxg6 Nxg6 18. Nh5 Qe7+ 19. Qe2 Qxe2+ 20. Kxe2 Bg4 21.
Bxg6 Bxf3+ 22. gxf3 Rff8 23. Bd3 Rae8+ 24. Kd2 Rxf3 25. Rh2 Bh6+ 26. Kc2 Ref8
27. Rg1+ Kh8 28. Rgg2 1-0

[Event "Unna Open 2022"]
[Site "Unna"]
[Date "2022.12.27"]
[Round "1.14"]
[White "Mrowetz, Josef"]
[Black "Nechitaylo, Nikita"]
[Result "0-1"]
[WhiteElo "1470"]
[BlackElo "1758"]
[Annotator "Medger,Gernot"]
[PlyCount "71"]
[EventDate "2022.12.??"]
[EventType "tourn"]
[EventRounds "7"]
[EventCountry "GER"]

1. f4 c5 2. Nf3 Nc6 3. e3 d5 4. Bb5 Bg4 5. Bxc6+ bxc6 6. b3 Nf6 7. Bb2 e6 8.
O-O Be7 9. Qe1 Bf5 10. d3 c4 11. Ne5 cxd3 12. cxd3 Qb6 13. Kh1 O-O 14. Qg3 Rfd8
15. Nd2 a5 16. a3 a4 17. b4 c5 18. Rfc1 cxb4 19. e4 dxe4 20. Nxe4 Bxe4 21. dxe4
bxa3 22. Bxa3 Bxa3 23. Qxa3 Rd4 24. Qf3 Nd7 25. Ng4 Nc5 26. e5 Qb7 27. Qe3 Qd5
28. Qg3 Kh8 29. Nf2 Nd3 30. Nxd3 Rxd3 31. Qg4 a3 32. h3 a2 33. Kh2 Rd2 34. Rg1
Rb8 35. Rac1 h6 36. Qh5 0-1

[Event "Unna Open 2022"]
[Site "Unna"]
[Date "2022.12.27"]
[Round "1.15"]
[White "Mann, Gergely"]
[Black "Sviridov, Vitaliy"]
[Result "1-0"]
[WhiteElo "1849"]
[BlackElo "1491"]
[Annotator "Medger,Gernot"]
[PlyCount "83"]
[EventDate "2022.12.??"]
[EventType "tourn"]
[EventRounds "7"]
[EventCountry "GER"]

1. d4 d5 2. Nf3 e6 3. c4 Nf6 4. Nc3 Be7 5. Bf4 c6 6. e3 O-O 7. Qc2 Nbd7 8. Rd1
Nh5 9. Bd3 h6 10. O-O Nxf4 11. exf4 dxc4 12. Bxc4 Nb6 13. Bb3 Bd6 14. g3 Bc7
15. Ne5 Nd5 16. Rfe1 Ba5 17. Qd3 Bb4 18. Bc2 Nf6 19. g4 g5 20. fxg5 hxg5 21. h4
Kg7 22. hxg5 Rh8 23. gxf6+ Qxf6 24. Qf3 Qe7 25. Kg2 Bd7 26. Rh1 Rag8 27. Ne4 f5
28. gxf5 exf5 29. Ng3 Be6 30. Bxf5 Bd5 31. Be4 Bxe4 32. Qxe4 Qg5 33. Rxh8 Rxh8
34. f4 Qf6 35. Ng4 Qf7 36. Qe5+ Kg8 37. Nf6+ Kf8 38. Qb8+ Kg7 39. Nf5+ Kxf6 40.
Qxh8+ Kxf5 41. Qe5+ Kg6 42. Qg5+ 1-0

[Event "Unna Open 2022"]
[Site "Unna"]
[Date "2022.12.27"]
[Round "1.16"]
[White "Pollerberg, Amelie"]
[Black "Merz, Martin"]
[Result "0-1"]
[WhiteElo "1415"]
[BlackElo "1982"]
[Annotator "Medger,Gernot"]
[PlyCount "90"]
[EventDate "2022.12.??"]
[EventType "tourn"]
[EventRounds "7"]
[EventCountry "GER"]

1. c4 Nf6 2. d4 e6 3. Nc3 d5 4. Bf4 c5 5. e3 a6 6. Nf3 dxc4 7. Bxc4 b5 8. Be2
Bb7 9. O-O Nbd7 10. Rc1 Qb6 11. Ne5 cxd4 12. Nxd7 Nxd7 13. Qxd4 Qxd4 14. exd4
Nf6 15. Rfe1 Be7 16. Bd3 O-O 17. Ne4 Bxe4 18. Bxe4 Nxe4 19. Rxe4 Rfd8 20. h3
Rac8 21. Rxc8 Rxc8 22. Re2 Kf8 23. a3 Rc6 24. Rd2 g5 25. Be3 f6 26. d5 exd5 27.
Rxd5 Rd6 28. Rxd6 Bxd6 29. Bd4 Kf7 30. Kf1 Ke6 31. b4 Bf4 32. Bb2 Kd5 33. Bxf6
Bc1 34. g3 Bxa3 35. Be7 a5 36. f4 gxf4 37. gxf4 Bxb4 38. Bxb4 axb4 39. Ke2 Ke4
40. f5 Kxf5 41. Kd3 Kg5 42. Kc2 Kh4 43. Kb3 Kxh3 44. Kxb4 Kg2 45. Kxb5 h5 0-1

[Event "Unna Open 2022"]
[Site "Unna"]
[Date "2022.12.27"]
[Round "1.17"]
[White "Neumann, Theodor"]
[Black "Siebert, Michael"]
[Result "1-0"]
[WhiteElo "1893"]
[BlackElo "1473"]
[Annotator "Medger,Gernot"]
[PlyCount "39"]
[EventDate "2022.12.??"]
[EventType "tourn"]
[EventRounds "7"]
[EventCountry "GER"]

1. e4 c5 2. Nc3 d6 3. f4 Nf6 4. Nf3 Nc6 5. Bb5 Bd7 6. Bc4 e6 7. d3 Na5 8. O-O
Nxc4 9. dxc4 Bc6 10. Qe1 Be7 11. e5 dxe5 12. fxe5 Nd7 13. Qg3 Qc7 14. Qxg7
O-O-O 15. Qxf7 Bxf3 16. Rxf3 Nxe5 17. Qxe6+ Rd7 18. Rf5 Bd6 19. Nb5 Qc6 20.
Nxa7+ 1-0

[Event "Unna Open 2022"]
[Site "Unna"]
[Date "2022.12.27"]
[Round "1.18"]
[White "Burosch, Raimund"]
[Black "Raabe, Stefan"]
[Result "0-1"]
[WhiteElo "1477"]
[BlackElo "1951"]
[Annotator "Medger,Gernot"]
[PlyCount "48"]
[EventDate "2022.12.??"]
[EventType "tourn"]
[EventRounds "7"]
[EventCountry "GER"]

1. e4 c5 2. Nf3 Nc6 3. d3 e6 4. g3 d5 5. Nbd2 Bd6 6. Bg2 Nge7 7. O-O O-O 8. Re1
Ng6 9. c3 Bd7 10. d4 cxd4 11. cxd4 dxe4 12. Nxe4 Be7 13. d5 exd5 14. Qxd5 Nb4
15. Qd1 Rc8 16. Nc3 Bf5 17. Qxd8 Rfxd8 18. Re2 Nc2 19. Rb1 Nd4 20. Nxd4 Bxb1
21. Be3 Bd3 22. Rd2 Ba6 23. h4 Ne5 24. b3 Rxc3 0-1

[Event "Unna Open 2022"]
[Site "Unna"]
[Date "2022.12.27"]
[Round "1.19"]
[White "Wenning, Niels"]
[Black "Ioffe, Leon"]
[Result "1/2-1/2"]
[WhiteElo "1871"]
[BlackElo "1412"]
[Annotator "Medger,Gernot"]
[PlyCount "74"]
[EventDate "2022.12.??"]
[EventType "tourn"]
[EventRounds "7"]
[EventCountry "GER"]

1. e4 d5 2. exd5 Nf6 3. d4 Bg4 4. Bb5+ Nbd7 5. Be2 Bxe2 6. Qxe2 Nxd5 7. Nf3 e6
8. O-O Be7 9. c4 N5f6 10. Nc3 O-O 11. Bf4 c6 12. Rad1 Re8 13. Rfe1 Qa5 14. a3
Qf5 15. Be5 Nf8 16. Rd2 Ng6 17. Red1 b6 18. Bg3 Rac8 19. h3 Nh5 20. Bh2 Nhf4
21. Qe3 Bg5 22. Nxg5 Qxg5 23. Bg3 Qf5 24. Ne2 Nxe2+ 25. Qxe2 Nf4 26. Qe3 Nh5
27. Be5 Nf6 28. Re1 h6 29. b4 b5 30. Qe2 bxc4 31. Bxf6 c3 32. Rc2 Qxf6 33. Qc4
Red8 34. Re5 Qf4 35. Qxc3 Rxd4 36. Re1 Qd6 37. Qc5 Qxc5 1/2-1/2

[Event "Unna Open 2022"]
[Site "Unna"]
[Date "2022.12.27"]
[Round "1.20"]
[White "Menne, Klaus"]
[Black "Pinno, Gregor"]
[Result "0-1"]
[WhiteElo "1389"]
[BlackElo "1913"]
[Annotator "Medger,Gernot"]
[PlyCount "120"]
[EventDate "2022.12.??"]
[EventType "tourn"]
[EventRounds "7"]
[EventCountry "GER"]

1. e4 c5 2. Qf3 Nc6 3. Bc4 e6 4. c3 Nf6 5. d3 Ne5 6. Qe2 Nxc4 7. dxc4 e5 8. h3
Be7 9. Nd2 O-O 10. Ngf3 d6 11. b4 b6 12. Nh2 Bb7 13. Ng4 Qd7 14. Nxf6+ Bxf6 15.
Qg4 Qc6 16. b5 Qe8 17. O-O Bc8 18. Qe2 g6 19. Nf3 Bg7 20. Nh2 f5 21. f3 Be6 22.
Bb2 Qf7 23. Rfd1 Bxc4 24. Qe1 Rad8 25. a4 d5 26. exd5 Bb3 27. Rd2 Rxd5 28. Rxd5
Qxd5 29. a5 Rd8 30. axb6 axb6 31. Nf1 c4 32. Qh4 Re8 33. Qf2 Qxb5 34. Bc1 Bf8
35. Ra7 Re7 36. Ra8 Qc6 37. Rb8 Rb7 38. Rd8 Qc7 39. Qd2 Qc5+ 40. Kh1 Rf7 41.
Rd5 Qc7 42. Ne3 Ba4 43. Qb2 Bc6 44. Rd1 b5 45. Qb1 Rd7 46. Rxd7 Qxd7 47. Qc2
Qd3 48. Kg1 Bc5 49. Qxd3 cxd3 50. Kf1 Kf7 51. Ke1 Ke6 52. Nf1 e4 53. Nh2 Ke5
54. Bb2 e3 55. c4+ Bd4 56. f4+ Ke4 57. cxb5 Bxb5 58. Bxd4 Kxd4 59. g3 d2+ 60.
Kd1 Kd3 0-1

[Event "Unna Open 2022"]
[Site "Unna"]
[Date "2022.12.27"]
[Round "1.21"]
[White "Weber, Rolf"]
[Black "Rewig, Adrian"]
[Result "1-0"]
[WhiteElo "1895"]
[BlackElo "1548"]
[Annotator "Medger,Gernot"]
[PlyCount "71"]
[EventDate "2022.12.??"]
[EventType "tourn"]
[EventRounds "7"]
[EventCountry "GER"]

1. e4 c6 2. d4 d5 3. exd5 cxd5 4. Bd3 Nc6 5. c3 Nf6 6. Nf3 Bg4 7. O-O e6 8. Bf4
Bd6 9. Bxd6 Qxd6 10. Nbd2 O-O 11. Re1 Ne7 12. Qc2 Bf5 13. Ne5 b5 14. Rac1 Rfc8
15. Bxf5 Nxf5 16. Qd3 Rab8 17. g4 Ne7 18. Re3 Ng6 19. Qe2 Nf4 20. Qf3 g5 21.
Qg3 b4 22. h4 h6 23. hxg5 hxg5 24. Kf1 Kg7 25. Ndf3 Ne4 26. Rxe4 dxe4 27. Nxg5
Qa6+ 28. c4 Ng6 29. Nexf7 Rf8 30. Kg2 Qb7 31. Rh1 e3+ 32. f3 Qb6 33. Rh7+ Kf6
34. Ne4+ Ke7 35. c5 Qa6 36. Nfg5+ 1-0

[Event "Unna Open 2022"]
[Site "Unna"]
[Date "2022.12.27"]
[Round "1.22"]
[White "Nechitaylo, Lev"]
[Black "Morawietz, Manuel"]
[Result "0-1"]
[WhiteElo "1394"]
[BlackElo "1903"]
[Annotator "Medger,Gernot"]
[PlyCount "70"]
[EventDate "2022.12.??"]
[EventType "tourn"]
[EventRounds "7"]
[EventCountry "GER"]

1. e4 e6 2. d4 d5 3. e5 c5 4. Nf3 Nc6 5. c3 Nge7 6. Be3 Nf5 7. Bd3 cxd4 8. Nxd4
Nxe3 9. fxe3 Nxe5 10. Bb5+ Bd7 11. Bxd7+ Qxd7 12. O-O Bd6 13. Nd2 f5 14. Qb3
Rc8 15. Nb5 Bc5 16. Rfe1 O-O 17. Rad1 Ng4 18. Nf1 f4 19. Nd4 e5 20. Nf3 Rcd8
21. c4 Bxe3+ 22. Nxe3 Nxe3 23. Rc1 dxc4 24. Qc3 Qg4 25. Re2 e4 26. Nd4 Rxd4 27.
Rxe3 Rd1+ 28. Re1 Rxe1+ 29. Rxe1 Qe6 30. Qd4 e3 31. g3 f3 32. Rxe3 f2+ 33. Kf1
Qh3+ 34. Ke2 f1=Q+ 35. Kd2 Qh6 0-1

[Event "Unna Open 2022"]
[Site "Unna"]
[Date "2022.12.27"]
[Round "1.23"]
[White "Stöckmann, Helmut"]
[Black "Koch, Lennard"]
[Result "1-0"]
[WhiteElo "1968"]
[BlackElo "1334"]
[Annotator "Medger,Gernot"]
[PlyCount "75"]
[EventDate "2022.12.??"]
[EventType "tourn"]
[EventRounds "7"]
[EventCountry "GER"]

1. c4 c5 2. Nc3 Nc6 3. g3 g6 4. Bg2 Bg7 5. d3 e6 6. e4 Nge7 7. Nge2 a6 8. Rb1
Nd4 9. a3 Nec6 10. b4 d6 11. O-O O-O 12. Be3 e5 13. Nd5 Ne7 14. Nec3 f5 15. f4
fxe4 16. dxe4 exf4 17. Nxe7+ Qxe7 18. Nd5 Qd8 19. gxf4 Qh4 20. bxc5 dxc5 21. e5
Bg4 22. Qd2 Ne2+ 23. Kh1 Ng3+ 24. Kg1 Nxf1 25. Bxf1 b5 26. Bxc5 Rfd8 27. Be7
Qh6 28. Bxd8 Bxe5 29. Bg5 Qg7 30. fxe5 Qa7+ 31. Be3 Qf7 32. Nf6+ Kh8 33. Nxg4
Rf8 34. Rc1 bxc4 35. Bxc4 Qf5 36. Nh6 Qe4 37. Bd5 Qh4 38. e6 1-0

[Event "Unna Open 2022"]
[Site "Unna"]
[Date "2022.12.27"]
[Round "1.24"]
[White "Pennekamp, Christoph"]
[Black "Theile-Rasche, Ingo"]
[Result "1/2-1/2"]
[WhiteElo "1504"]
[BlackElo "1917"]
[Annotator "Medger,Gernot"]
[PlyCount "47"]
[EventDate "2022.12.??"]
[EventType "tourn"]
[EventRounds "7"]
[EventCountry "GER"]

1. d4 c5 2. d5 g6 3. c4 Bg7 4. Nf3 d6 5. Qc2 Nf6 6. e4 O-O 7. Nc3 Nbd7 8. Be2
h6 9. Bf4 Nh5 10. Be3 Nhf6 11. Bf4 Ne5 12. Nxe5 dxe5 13. Bxe5 Nxd5 14. Bxg7 Nb4
15. Qb3 Kxg7 16. Rd1 Qa5 17. O-O Nc6 18. Qb5 e6 19. f4 a6 20. Qxa5 Nxa5 21. e5
Rb8 22. Ne4 b6 23. Rd6 Bb7 24. Nf6 1/2-1/2

[Event "Unna Open 2022"]
[Site "Unna"]
[Date "2022.12.27"]
[Round "1.25"]
[White "Barskij, Aleksandr"]
[Black "Jäger, Jeremy"]
[Result "1-0"]
[WhiteElo "1882"]
[BlackElo "1397"]
[Annotator "Medger,Gernot"]
[PlyCount "87"]
[EventDate "2022.12.??"]
[EventType "tourn"]
[EventRounds "7"]
[EventCountry "GER"]

1. e4 c5 2. Nc3 d6 3. g3 Nc6 4. Bg2 g6 5. d3 Bg7 6. Be3 Nf6 7. h3 Bd7 8. Qd2
O-O 9. Nge2 Rc8 10. O-O Ne5 11. f4 Nc6 12. g4 a6 13. f5 b5 14. Bh6 Re8 15. Bxg7
Kxg7 16. Ng3 Qc7 17. g5 Ng8 18. Nd5 Qb8 19. Qf2 Ne5 20. f6+ exf6 21. Nxf6 Re7
22. Qf4 h6 23. Nxg8 Rxg8 24. Qf6+ Kf8 25. gxh6 Re6 26. Qh4 g5 27. Qh5 Rh8 28.
h7 Rg6 29. Nf5 Bxf5 30. Rxf5 g4 31. hxg4 Rxg4 32. Rxe5 Rxg2+ 33. Kxg2 dxe5 34.
Qh6+ Ke7 35. Qg7 Qf8 36. Qxe5+ Kd7 37. Rh1 f6 38. Qf5+ Kc7 39. Qg6 Kd6 40. Rf1
Ke6 41. Rf5 c4 42. Rd5 Qa8 43. Qf5+ Ke7 44. Rd7+ 1-0